Operación rescate
Uloženo v:
| Hlavní autor: | |
|---|---|
| Médium: | Kniha |
| Jazyk: | španělština |
| Vydáno: |
Madrid
Ediciones SM
1991
|
| Vydání: | 7a. ed |
| Edice: | El Barco de Vapor. Serie naranja, 35
|
| Témata: | |
| Tagy: |
Přidat tag
Žádné tagy, Buďte první, kdo vytvoří štítek k tomuto záznamu!
|
MARC
| LEADER | 00000nam a2200000 a 4500 | ||
|---|---|---|---|
| 001 | UCH4154 | ||
| 003 | CL-VaPUC | ||
| 008 | 090818e19910000SP |||||||||||||||||spa|d | ||
| 020 | |a 843481756X | ||
| 082 | 0 | 4 | |a 813 |b LEE |2 21 |
| 100 | |a Leeuwen, Jean Van |e author |9 545013 | ||
| 245 | 1 | 0 | |a Operación rescate |
| 250 | |a 7a. ed | ||
| 300 | |a 121 p | ||
| 942 | |c BK | ||
| 945 | |d 20090818 00:00:00 |a ccalabra | ||
| 260 | |a Madrid |b Ediciones SM |c 1991 | ||
| 650 | 0 | |a Literatura inglesa |9 312907 | |
| 650 | 0 | |a Ficción |9 376687 | |
| 650 | 7 | |a NOVELAS |2 CL-VaPUC |9 333250 | |
| 650 | 0 | |a Lectura |9 307634 | |
| 650 | 0 | |a Niños |9 255605 | |
| 651 | 0 | |a Estados Unidos |9 255178 | |
| 583 | |a last modification |c 20090818 00:00:00 |k Rodrigo Vera | ||
| 490 | 0 | |a El Barco de Vapor. Serie naranja, 35 | |
| 999 | |c 335493 |d 335491 | ||